| 000 | 00676nam a2200133Ia 4500 | ||
|---|---|---|---|
| 008 | 090711s9999 xx 000 0 und d | ||
| 082 | _b59569 | ||
| 245 | _aवै. प्रा. रामSांद्रशंकर नायक तथा राणूु नायक स्मgतिग्रंथ | ||
| 260 | _c1972 | ||
| 300 | _a162+8 | ||
| 630 | _aवै. प्रा. रामSांद्रशंकर नायक तथा राणूु नायक स्मgतिग्रंथ | ||
| 730 | _aवै. प्रा. रामSांद्रशंकर नायक तथा राणूु नायक स्मgतिग्रंथ | ||
| 942 | _cBOOK | ||
| 999 |
_c317204 _d317204 |
||